[Event "Portugal Open 2020"]
[Site "Lisboa POR"]
[Date "2020.01.30"]
[Round "7.55"]
[White "Guerreiro, Nuno"]
[Black "Taylor, Robert Graham"]
[Result "1-0"]
[WhiteElo "2071"]
[BlackElo "1844"]
[WhiteFideId "1903012"]
[BlackFideId "1800841"]
[WhiteCountry "POR"]
[BlackCountry "WLS"]
[PlyCount "105"]
[EventDate "2020.01.25"]

1. Nf3 Nf6 2. g3 g6 3. Bg2 Bg7 4. O-O O-O 5. c4 d6 6. Nc3 Nc6 7. d4 e5 8. h3 h6
9. e4 Re8 10. Be3 exd4 11. Nxd4 Ne5 12. b3 a6 13. Rc1 Bd7 14. Re1 Rc8 15. f4 Nc6
16. Qd2 Kh7 17. Nc2 Ng8 18. Rcd1 Be6 19. Bf2 f5 20. exf5 Bxf5 21. Ne3 Bxc3 22.
Qxc3 Be4 23. Bxe4 Rxe4 24. Nd5 Rxe1+ 25. Rxe1 Qd7 26. g4 Qf7 27. Bh4 Re8 28.
Rxe8 Qxe8 29. Nxc7 Qe2 30. Nd5 Qd1+ 31. Qe1 Qd3 32. Qf1 Qd2 33. Qf2 Qd3 34. Kg2
Nd4 35. Qe3 Qc2+ 36. Bf2 Nc6 37. a3 Na5 38. Qe6 Nxb3 39. Qf7+ Kh8 40. Qxb7 Qe4+
41. Kh2 Qe2 42. Kg2 Qxc4 43. Ne3 Qd3 44. Kg1 Nc5 45. Qb2+ Kh7 46. f5 gxf5 47.
Nxf5 Qe4 48. Kh2 Ne6 49. Nxd6 Qd3 50. Qb7+ Ng7 51. Nf5 Qc3 52. Nxg7 Qxg7 53.
Qxa6 1-0

[Event "Portugal Open 2020"]
[Site "Lisboa POR"]
[Date "2020.01.30"]
[Round "7.56"]
[White "Maric, Boris"]
[Black "Pina, Tiago"]
[Result "1-0"]
[WhiteElo "2034"]
[BlackElo "1816"]
[WhiteFideId "16211367"]
[BlackFideId "1950673"]
[WhiteCountry "GER"]
[BlackCountry "POR"]
[PlyCount "115"]
[EventDate "2020.01.25"]

1. d4 Nf6 2. c4 e6 3. Nf3 Bb4+ 4. Nbd2 b6 5. g3 Bb7 6. Bg2 O-O 7. O-O d5 8. Ne5
Nbd7 9. Ndf3 Ne4 10. Qa4 Nxe5 11. Nxe5 Bd6 12. cxd5 exd5 13. Nd3 f5 14. Bf4 Bxf4
15. Nxf4 Qd6 16. Rfc1 g5 17. Nd3 f4 18. Qb4 Rac8 19. Bh3 Rce8 20. Qxd6 cxd6 21.
Rc7 Ba6 22. Rxa7 Bxd3 23. exd3 Nd2 24. Rc1 Rf7 25. Rxf7 Kxf7 26. Bg4 Ra8 27. Rd1
Ne4 28. dxe4 dxe4 29. a3 d5 30. Rc1 Ra4 31. Rc7+ Kf8 32. gxf4 gxf4 33. Rxh7 Rxd4
34. Rd7 f3 35. h4 Rd2 36. h5 Rd1+ 37. Kh2 e3 38. fxe3 f2 39. Bh3 f1=Q 40. Bxf1
Rxf1 41. h6 Kg8 42. Kg3 Rb1 43. b4 Rb3 44. Kf4 Rxa3 45. Rxd5 Rc3 46. b5 Rc4+ 47.
Kf5 Rh4 48. Rd6 Rh3 49. e4 Rf3+ 50. Ke5 Kh7 51. Rxb6 Rf1 52. Rf6 Rb1 53. b6 Rb5+
54. Kd4 Rb4+ 55. Kd5 Rb1 56. Kc6 Re1 57. b7 Rxe4 58. Rf8 1-0

[Event "Portugal Open 2020"]
[Site "Lisboa POR"]
[Date "2020.01.30"]
[Round "7.57"]
[White "Lopes, João Pedro"]
[Black "Elias, Benjamim"]
[Result "0-1"]
[WhiteElo "2030"]
[BlackElo "1807"]
[WhiteFideId "1902210"]
[BlackFideId "1903578"]
[WhiteCountry "POR"]
[BlackCountry "POR"]
[PlyCount "98"]
[EventDate "2020.01.25"]

1. c4 g6 2. d4 Bg7 3. Nc3 d6 4. e4 e5 5. d5 a5 6. Nf3 Ne7 7. Be2 O-O 8. O-O Na6
9. Be3 b6 10. Qd2 f5 11. exf5 Nxf5 12. Bg5 Bf6 13. Ne4 Bxg5 14. Nexg5 Ng7 15.
Rad1 Nc5 16. Bd3 Nxd3 17. Qxd3 Bf5 18. Qe3 Qf6 19. Ne4 Qe7 20. Rfe1 Rae8 21. Ng3
Bc8 22. Nd4 Bd7 23. Nb5 Qd8 24. b4 axb4 25. Qb3 Nf5 26. Ne4 Bxb5 27. cxb5 Qa8
28. Qxb4 Nd4 29. Qc4 Qd8 30. Rxd4 exd4 31. Qxd4 Re5 32. f3 Qh4 33. Rc1 Rf7 34.
a4 Qf4 35. Rd1 Rh5 36. h3 Qe5 37. Qf2 Rhf5 38. Qd4 Rf8 39. Qxe5 Rxe5 40. Rd4 Kg7
41. Kf2 Rff5 42. Nc3 Rf7 43. Ne4 Rff5 44. Nc3 Rf7 45. g3 Re8 46. Ne4 h6 47. a5
bxa5 48. b6 Rxe4 49. b7 Re8 0-1

[Event "Portugal Open 2020"]
[Site "Lisboa POR"]
[Date "2020.01.30"]
[Round "7.58"]
[White "Sismeiro, Miguel"]
[Black "Zilles, Paul"]
[Result "1-0"]
[WhiteElo "2026"]
[BlackElo "1761"]
[WhiteFideId "1950975"]
[BlackFideId "205990"]
[WhiteCountry "POR"]
[BlackCountry "BEL"]
[PlyCount "29"]
[EventDate "2020.01.25"]

1. e4 d5 2. exd5 Qxd5 3. Nc3 Qa5 4. d4 c6 5. Bc4 Nf6 6. Bd2 Qc7 7. Nf3 Bf5 8.
Ne5 e6 9. g4 Be4 10. Nxe4 Nxe4 11. Bf4 Nd7 12. Qe2 Qa5+ 13. Kf1 Nef6 14. Nxf7
Kxf7 15. Qxe6+ 1-0

[Event "Portugal Open 2020"]
[Site "Lisboa POR"]
[Date "2020.01.30"]
[Round "7.59"]
[White "Martins, Diogo"]
[Black "Terwagne, Bertrand"]
[Result "1-0"]
[WhiteElo "1998"]
[BlackElo "1796"]
[WhiteFideId "1926934"]
[BlackFideId "243078"]
[WhiteCountry "POR"]
[BlackCountry "BEL"]
[PlyCount "111"]
[EventDate "2020.01.25"]

1. e4 e5 2. Nf3 Nc6 3. Bc4 Bc5 4. c3 Nf6 5. d3 O-O 6. O-O d5 7. exd5 Nxd5 8. h3
Nb6 9. Bb5 Bd6 10. Nbd2 Ne7 11. d4 Bd7 12. Bxd7 Nxd7 13. Nc4 Ng6 14. Be3 exd4
15. Nxd4 Nde5 16. Nxd6 Qxd6 17. Qh5 c6 18. b3 Nd7 19. Rad1 Nf6 20. Qf3 Qc7 21.
Nf5 c5 22. c4 Rad8 23. Bg5 Rxd1 24. Rxd1 Qe5 25. Bxf6 gxf6 26. Nh6+ Kg7 27. Ng4
Qb2 28. Rd6 Re8 29. Rxf6 Re1+ 30. Kh2 Ne5 31. Nxe5 Qxe5+ 32. Rf4 f5 33. Qxb7+
Kg6 34. Qf3 Re2 35. Qg3+ Kf6 36. Qh4+ Kg6 37. Qg3+ Kf6 38. h4 h6 39. h5 Ke7 40.
Qh4+ Kf7 41. Qg3 Ke7 42. Rf3 Qxg3+ 43. Kxg3 Kf6 44. a4 Rd2 45. Re3 Kg5 46. Re5
Rd3+ 47. f3 Rxb3 48. Rxc5 Rb4 49. a5 Ra4 50. f4+ Kxh5 51. Rxf5+ Kg6 52. Rc5 Rb4
53. Kg4 Rb2 54. Rc6+ Kg7 55. g3 Rb8 56. Kh5 1-0

[Event "Portugal Open 2020"]
[Site "Lisboa POR"]
[Date "2020.01.30"]
[Round "7.60"]
[White "Santos, Isabel P"]
[Black "Ruiz Viñals, Matias"]
[Result "0-1"]
[WhiteElo "1782"]
[BlackElo "1964"]
[WhiteFideId "1921681"]
[BlackFideId "2252295"]
[WhiteCountry "POR"]
[BlackCountry "ESP"]
[PlyCount "86"]
[EventDate "2020.01.25"]

1. d4 Nf6 2. c4 c5 3. d5 e5 4. Nc3 d6 5. e4 Be7 6. Nf3 Nbd7 7. Be2 O-O 8. O-O a6
9. Bg5 Ne8 10. Be3 g6 11. Nd2 Ng7 12. g4 Bg5 13. h3 Bxe3 14. fxe3 Qg5 15. Rf3 f5
16. exf5 gxf5 17. Qf1 Nf6 18. Rg3 fxg4 19. Qg2 Ngh5 20. Nde4 Nxe4 21. Nxe4 Qg6
22. Rxg4 Bxg4 23. Qxg4 Nf6 24. Qxg6+ hxg6 25. Nxd6 b6 26. Bd3 Rad8 27. Ne4 Nxe4
28. Bxe4 Kg7 29. Kg2 Rf6 30. Rd1 Kf7 31. Rd2 Ke7 32. b3 Rh8 33. Bf3 Kd6 34. Bg4
Rhf8 35. e4 Rf4 36. Re2 b5 37. cxb5 axb5 38. Kg3 c4 39. Re3 Kc5 40. bxc4 bxc4
41. Re1 c3 42. a4 Kb4 43. Bd1 Rf1 0-1

[Event "Portugal Open 2020"]
[Site "Lisboa POR"]
[Date "2020.01.30"]
[Round "7.61"]
[White "Barros, Luís"]
[Black "Heid, Michael"]
[Result "0-1"]
[WhiteElo "1619"]
[BlackElo "1953"]
[WhiteFideId "23600110"]
[BlackFideId "16276949"]
[WhiteCountry "CPV"]
[BlackCountry "GER"]
[PlyCount "110"]
[EventDate "2020.01.25"]

1. e4 g6 2. Nf3 Bg7 3. d4 d6 4. h3 a6 5. Be3 b5 6. a4 Bb7 7. axb5 Bxe4 8. bxa6
Bb7 9. a7 Nc6 10. Bb5 Kf8 11. d5 Nb4 12. c4 Bxb2 13. Ra4 c5 14. Qb3 Bg7 15. Bd2
Qb6 16. Bc3 Rxa7 17. Bxg7+ Kxg7 18. O-O Rxa4 19. Bxa4 Nf6 20. Re1 Qc7 21. Na3
Ra8 22. Nb5 Qd8 23. g4 h6 24. Qd1 Bc8 25. Bb3 Ng8 26. Kg2 f5 27. g5 hxg5 28.
Nxg5 e5 29. Ne6+ Bxe6 30. dxe6 Qg5+ 31. Kf1 Rd8 32. Qf3 e4 33. Qd1 Qe7 34. Qd2
Qxe6 35. Ra1 Rd7 36. Ra8 Qf6 37. Ba4 Nd3 38. Nc3 Rb7 39. Bb5 Qh4 40. Qe3 f4 41.
Qd2 Qxh3+ 42. Kg1 Qg4+ 43. Kf1 f3 44. Qxd3 exd3 45. Ke1 Qg1+ 46. Kd2 Qxf2+ 47.
Kxd3 Qd4+ 48. Kc2 f2 49. Ra1 Re7 50. Bc6 Re1 51. Ra7+ Kh6 52. Ra8 f1=Q 53. Rxg8
Qfxc4 54. Rxg6+ Kxg6 55. Be4+ Rxe4 0-1

[Event "Portugal Open 2020"]
[Site "Lisboa POR"]
[Date "2020.01.30"]
[Round "7.62"]
[White "Figueiredo, Mário"]
[Black "Martins, José Carlos"]
[Result "1/2-1/2"]
[WhiteElo "1939"]
[BlackElo "1667"]
[WhiteFideId "1902601"]
[BlackFideId "1946005"]
[WhiteCountry "POR"]
[BlackCountry "POR"]
[PlyCount "76"]
[EventDate "2020.01.25"]

1. d4 d5 2. c4 e6 3. Nc3 Nf6 4. Bg5 Be7 5. e3 O-O 6. Nf3 h6 7. Bh4 b6 8. cxd5
Nxd5 9. Bxe7 Qxe7 10. Nxd5 exd5 11. Bd3 c5 12. O-O Bg4 13. h3 Bh5 14. g4 Bg6 15.
Bxg6 fxg6 16. Ne5 Qe6 17. f4 Nc6 18. Qc2 Nxe5 19. fxe5 h5 20. Qg2 hxg4 21. Qxg4
Qxg4+ 22. hxg4 c4 23. Kg2 b5 24. Rf4 b4 25. a3 b3 26. Rc1 Rxf4 27. exf4 Kf7 28.
f5 gxf5 29. gxf5 Rh8 30. Kg3 Rh5 31. e6+ Ke7 32. Kf4 Rh2 33. Rg1 Kf8 34. Ke5
Rxb2 35. Kd6 Re2 36. Rh1 Kg8 37. Rg1 Kf8 38. Rh1 Kg8 1/2-1/2

[Event "Portugal Open 2020"]
[Site "Lisboa POR"]
[Date "2020.01.30"]
[Round "7.63"]
[White "Guia, Artur"]
[Black "Gonçalves, Samuel"]
[Result "1-0"]
[WhiteElo "1928"]
[BlackElo "1758"]
[WhiteFideId "1946781"]
[BlackFideId "1945130"]
[WhiteCountry "POR"]
[BlackCountry "POR"]
[PlyCount "127"]
[EventDate "2020.01.25"]

1. d4 Nf6 2. Bg5 g6 3. Bxf6 exf6 4. c4 Bg7 5. Nc3 O-O 6. e3 f5 7. g3 Re8 8. Nge2
c5 9. d5 d6 10. Nf4 Nd7 11. Nd3 Qe7 12. Bg2 Bxc3+ 13. bxc3 Ne5 14. Nb2 f4 15.
O-O fxe3 16. fxe3 Ng4 17. Re1 Qg5 18. e4 h5 19. h4 Qf6 20. Qf3 Qxf3 21. Bxf3 Ne5
22. Kf2 Re7 23. Be2 Bd7 24. Nd3 Ng4+ 25. Bxg4 Bxg4 26. Re3 Rae8 27. Rae1 b6 28.
e5 Rd8 29. exd6 Rxe3 30. Rxe3 Rxd6 31. Re7 b5 32. Nxc5 bxc4 33. Ne4 Ra6 34. Ke3
Kf8 35. Rc7 Rxa2 36. Rxc4 Re2+ 37. Kf4 Re1 38. Rd4 Rf1+ 39. Ke5 Ke7 40. d6+ Kd8
41. Ra4 a5 42. Kd4 Rd1+ 43. Kc5 Bf3 44. Ng5 Rd5+ 45. Kc4 Bg2 46. Ra2 Bh1 47. Rh2
Rd1 48. Nxf7+ Kd7 49. Kc5 a4 50. Ne5+ Ke6 51. Nxg6 a3 52. Re2+ Kf6 53. Nf4 Be4
54. d7 a2 55. Rxa2 Rxd7 56. Nxh5+ Kf5 57. Rf2+ Kg6 58. Nf4+ Kf5 59. Nh5+ Kg6 60.
Nf6 Rc7+ 61. Kd4 Bb1 62. Nd5 Rd7 63. c4 Bf5 64. Ke5 1-0

[Event "Portugal Open 2020"]
[Site "Lisboa POR"]
[Date "2020.01.30"]
[Round "7.64"]
[White "Rocha, Pedro Daniel"]
[Black "Lopez De Turiso, José Angel"]
[Result "0-1"]
[WhiteElo "1615"]
[BlackElo "1893"]
[WhiteFideId "1943278"]
[BlackFideId "2207680"]
[WhiteCountry "POR"]
[BlackCountry "ESP"]
[PlyCount "58"]
[EventDate "2020.01.25"]

1. d4 Nf6 2. Nc3 d5 3. Bf4 a6 4. e3 e6 5. Nf3 c5 6. Bd3 c4 7. Be2 b5 8. a3 Nc6
9. O-O Be7 10. Ne5 Nxe5 11. Bxe5 Bd7 12. Bf3 a5 13. Ne2 b4 14. Ng3 Bc6 15. Qe2
O-O 16. e4 Qb6 17. a4 Qb7 18. Rfe1 dxe4 19. Nxe4 Nxe4 20. Bxe4 Bxe4 21. Qxe4
Qxe4 22. Rxe4 Rfd8 23. Bc7 Rd5 24. c3 Ra6 25. Re5 b3 26. Rxd5 exd5 27. Re1 Re6
28. Rxe6 fxe6 29. f4 Ba3 0-1

[Event "Portugal Open 2020"]
[Site "Lisboa POR"]
[Date "2020.01.30"]
[Round "7.65"]
[White "Sakthivel, Heamish Kanha"]
[Black "Monteiro, José"]
[Result "1-0"]
[WhiteElo "1584"]
[BlackElo "1881"]
[WhiteFideId "25644890"]
[BlackFideId "1908057"]
[WhiteTitle " "]
[WhiteCountry "IND"]
[BlackCountry "POR"]
[PlyCount "125"]
[EventDate "2020.01.25"]

1. e4 c5 2. Nf3 d6 3. d4 cxd4 4. Nxd4 Nf6 5. f3 e5 6. Nb3 d5 7. Bg5 d4 8. c3 h6
9. Bh4 Nc6 10. Bb5 Qb6 11. Bxc6+ Qxc6 12. O-O Be6 13. Bf2 d3 14. Re1 Qb5 15.
N1d2 Be7 16. a4 Qc6 17. Nc1 Qa6 18. c4 Rd8 19. Re3 Bc5 20. Rxd3 Bxf2+ 21. Kxf2
O-O 22. Qc2 Rxd3 23. Nxd3 Rd8 24. Rd1 Qd6 25. Nf1 Nd7 26. Ne3 Qb6 27. b4 a5 28.
c5 Qa7 29. Nxe5 axb4 30. c6 b3 31. Qb2 bxc6 32. Nxc6 Qc7 33. Nxd8 Qxd8 34. Qd4
Qa5 35. f4 Nb6 36. Qd8+ Kh7 37. f5 Bd7 38. Rxd7 Qxa4 39. Qxb6 Qxd7 40. Qxb3 Qd2+
41. Kf3 f6 42. Qd1 Qc3 43. Kf2 Qe5 44. Qg4 Qxh2 45. Qg6+ Kh8 46. Qg3 Qh1 47. Nf1
Qh5 48. Ke1 Qe8 49. Qe3 Qe5 50. Kf2 Kh7 51. Nd2 Qb2 52. Kg3 Qe5+ 53. Qf4 Qc3+
54. Nf3 Kg8 55. Kh2 Qc4 56. Nh4 Qe2 57. Qf3 Qe1 58. Ng6 Qb4 59. Qd3 Qb8+ 60. Kh3
Qc7 61. Qd5+ Kh7 62. Qa8 Qc3+ 63. g3 1-0

[Event "Portugal Open 2020"]
[Site "Lisboa POR"]
[Date "2020.01.30"]
[Round "7.67"]
[White "Graf, Peter"]
[Black "Pena Barbeito, Rodrigo"]
[Result "0-1"]
[WhiteElo "1900"]
[BlackElo "1658"]
[WhiteFideId "12969400"]
[BlackFideId "22228055"]
[WhiteCountry "GER"]
[BlackCountry "ESP"]
[PlyCount "42"]
[EventDate "2020.01.25"]

1. e4 c5 2. Nc3 e5 3. Bc4 Nf6 4. d3 d6 5. f4 Be7 6. Nf3 Nc6 7. f5 g6 8. fxg6
hxg6 9. Bg5 Bg4 10. Qd2 a6 11. a4 Nd4 12. Nxd4 cxd4 13. Ne2 Be6 14. Bxe6 fxe6
15. Qb4 Qc7 16. O-O Ng4 17. Bxe7 Qxe7 18. Rf3 Rxh2 19. Ng3 O-O-O 20. Raf1 Qh4
21. Rf7 Rh1+ 0-1

[Event "Portugal Open 2020"]
[Site "Lisboa POR"]
[Date "2020.01.30"]
[Round "7.68"]
[White "Montero Montero, Juan José"]
[Black "Marcos Herrero, Francisco"]
[Result "1/2-1/2"]
[WhiteElo "1744"]
[BlackElo "1861"]
[WhiteFideId "22202080"]
[BlackFideId "2279045"]
[WhiteTitle " "]
[WhiteCountry "ESP"]
[BlackCountry "ESP"]
[PlyCount "95"]
[EventDate "2020.01.25"]

1. e4 c5 2. Nf3 g6 3. Bc4 Bg7 4. O-O Nc6 5. c3 e6 6. Re1 Nge7 7. d4 cxd4 8. cxd4
d5 9. exd5 exd5 10. Bb3 O-O 11. Bg5 Qd6 12. Nc3 Bg4 13. h3 Be6 14. Rc1 h6 15.
Bxe7 Nxe7 16. Nb5 Qd7 17. Ba4 Rac8 18. Nc7 Qd6 19. Nxe6 fxe6 20. Rxc8 Rxc8 21.
Qe2 Nf5 22. Qxe6+ Qxe6 23. Rxe6 Kf7 24. Re2 Nxd4 25. Nxd4 Bxd4 26. Bb3 Rc1+ 27.
Kh2 Rc5 28. g3 Kf6 29. Kg2 Be5 30. f4 Bc7 31. Kf3 h5 32. Re8 b5 33. Ke3 Bb6 34.
Kd3 Rc1 35. Re5 Rg1 36. Rg5 Bf2 37. Ke2 Bxg3 38. Kf3 h4 39. Rxd5 Rf1+ 40. Kg2
Rf2+ 41. Kg1 a6 42. Rd6+ Kf5 43. Rxa6 Rxb2 44. Ra5 Kxf4 45. Rxb5 g5 46. a4 Rb1+
47. Kg2 Ke3 48. Be6 1/2-1/2

[Event "Portugal Open 2020"]
[Site "Lisboa POR"]
[Date "2020.01.30"]
[Round "7.69"]
[White "Bornand, Herbert"]
[Black "Van Ginkel, Henk"]
[Result "0-1"]
[WhiteElo "1722"]
[BlackElo "1855"]
[WhiteFideId "1313207"]
[BlackFideId "1036394"]
[WhiteCountry "SUI"]
[BlackCountry "NED"]
[PlyCount "68"]
[EventDate "2020.01.25"]

1. d4 Nf6 2. Nf3 c5 3. e3 g6 4. Be2 Bg7 5. Nbd2 O-O 6. O-O cxd4 7. exd4 d6 8. b3
Nc6 9. Bb2 Bf5 10. a3 Rc8 11. c4 Qc7 12. Rc1 e5 13. d5 Ne7 14. Nh4 Bd7 15. f4
exf4 16. Rxf4 Nfxd5 17. Bxg7 Nxf4 18. Bxf8 Rxf8 19. Ne4 f5 20. Nf2 Qc5 21. g3
Nxe2+ 22. Qxe2 Qxa3 23. Rd1 Re8 24. Qd3 Bc6 25. Qxd6 Qxd6 26. Rxd6 Nc8 27. Rd1
Nd6 28. Ng2 Ne4 29. Nf4 Nc3 30. Rc1 g5 31. Nd5 Ne2+ 32. Kf1 Nxc1 33. Nf6+ Kf7
34. Nxe8 Bxe8 0-1

[Event "Portugal Open 2020"]
[Site "Lisboa POR"]
[Date "2020.01.30"]
[Round "7.70"]
[White "Elias, Rúben"]
[Black "Gonçalves, Carlos"]
[Result "1-0"]
[WhiteElo "1837"]
[BlackElo "1638"]
[WhiteFideId "1906453"]
[BlackFideId "1912879"]
[WhiteCountry "POR"]
[BlackCountry "POR"]
[PlyCount "49"]
[EventDate "2020.01.25"]

1. e4 d6 2. d4 Nf6 3. Nc3 g6 4. Nf3 Bg7 5. Be2 O-O 6. O-O c6 7. Bg5 Nbd7 8. Qd2
Re8 9. Rad1 Nb6 10. h3 a6 11. Qe3 Bd7 12. Nb1 Qc7 13. c4 e5 14. dxe5 dxe5 15. c5
Nc8 16. Nc3 Be6 17. Rd2 Ne7 18. Rfd1 Nh5 19. Na4 Rad8 20. Rd6 f6 21. Rxe6 fxg5
22. Nxg5 Nf4 23. Red6 Nxe2+ 24. Qxe2 Nc8 25. Qc4+ 1-0

[Event "Portugal Open 2020"]
[Site "Lisboa POR"]
[Date "2020.01.30"]
[Round "7.71"]
[White "García Ortega, Manuel"]
[Black "Pfeiffer, Noah"]
[Result "0-1"]
[WhiteElo "1705"]
[BlackElo "1825"]
[WhiteFideId "2227533"]
[BlackFideId "241881"]
[WhiteCountry "ESP"]
[BlackCountry "BEL"]
[PlyCount "98"]
[EventDate "2020.01.25"]

1. d4 d5 2. c4 c6 3. Nc3 e6 4. e3 Nf6 5. a3 Be7 6. Nf3 O-O 7. c5 Nbd7 8. Bd3 b6
9. b4 a5 10. Bb2 Ba6 11. O-O Ne4 12. Bxa6 Nxc3 13. Bxc3 Rxa6 14. Qd2 Qa8 15.
bxa5 bxc5 16. dxc5 Nxc5 17. Qd4 f6 18. Qg4 Qa7 19. Nd4 Qd7 20. Bb4 f5 21. Qe2
Rfa8 22. Rfc1 Nb7 23. Nf3 c5 24. Bc3 Nxa5 25. Ne5 Qd6 26. Rd1 Bf6 27. f4 Nc6 28.
Nc4 Qe7 29. Ne5 Bxe5 30. fxe5 Qc7 31. Bb2 Nxe5 32. Qh5 Nc4 33. Bc3 Rxa3 34. Qg5
Rxa1 35. Bxa1 h6 36. Qg6 Qf7 37. Qg3 Kh7 38. h4 Qg6 39. Qc7 Ra2 40. g3 Nxe3 41.
Re1 Nc2 42. Bxg7 Qxg7 43. Qxg7+ Kxg7 44. Rxe6 Nb4 45. h5 c4 46. Rg6+ Kh7 47. Rf6
c3 48. Rf7+ Kg8 49. Rf6 c2 0-1

[Event "Portugal Open 2020"]
[Site "Lisboa POR"]
[Date "2020.01.30"]
[Round "7.72"]
[White "Asvestopoulou, Evdokia"]
[Black "Bártolo, Filipe"]
[Result "0-1"]
[WhiteElo "1688"]
[BlackElo "1819"]
[WhiteFideId "4219198"]
[BlackFideId "1942565"]
[WhiteCountry "GRE"]
[BlackCountry "POR"]
[PlyCount "120"]
[EventDate "2020.01.25"]

1. d4 Nf6 2. c4 g6 3. Nc3 Bg7 4. e4 d6 5. Nf3 O-O 6. Be2 Nbd7 7. O-O e5 8. d5
Nc5 9. Qc2 a5 10. Ne1 Ne8 11. Nd3 f5 12. Nxc5 dxc5 13. Be3 b6 14. f3 f4 15. Bf2
h5 16. h3 g5 17. g4 fxg3 18. Bxg3 Bxh3 19. Rf2 h4 20. Bh2 Qf6 21. Nd1 Bh6 22.
Qc3 Bg7 23. f4 Bc8 24. Qxe5 Qg6 25. Qxg5 Qxg5+ 26. fxg5 Bd4 27. Kg2 h3+ 28. Kf1
Bxf2 29. Nxf2 Nd6 30. Kg1 Ba6 31. b3 Rae8 32. e5 Nf5 33. Bg4 Nd4 34. Ne4 Bc8 35.
e6 Kg7 36. Bxc7 Nxe6 37. dxe6 Bxe6 38. Bxe6 Rxe6 39. Nf2 Rf3 40. Ng4 Re2 41. Nh2
Rff2 42. Rf1 Rg2+ 43. Kh1 Rxa2 44. Nf3 a4 45. bxa4 Rxa4 46. Bxb6 Rxc4 47. Bc7
Rcc2 48. Ng1 Rxg5 49. Nxh3 Rh5 50. Rf3 c4 51. Kg1 c3 52. Re3 Rc1+ 53. Kf2 c2 54.
Nf4 Rf1+ 55. Kxf1 c1=Q+ 56. Re1 Qc4+ 57. Kg2 Rg5+ 58. Kf3 Qc6+ 59. Kf2 Rf5 60.
Ke3 Rf7 0-1

[Event "Portugal Open 2020"]
[Site "Lisboa POR"]
[Date "2020.01.30"]
[Round "7.73"]
[White "Miranda, Raúl"]
[Black "Trinkl, Stefan"]
[Result "1-0"]
[WhiteElo "1662"]
[BlackElo "1814"]
[WhiteFideId "1960660"]
[BlackFideId "16250281"]
[WhiteCountry "POR"]
[BlackCountry "GER"]
[PlyCount "135"]
[EventDate "2020.01.25"]

1. e4 c6 2. d4 d5 3. e5 c5 4. Bb5+ Nc6 5. Bxc6+ bxc6 6. dxc5 Qa5+ 7. c3 Qxc5 8.
Be3 Qb5 9. b4 Ba6 10. Ne2 e6 11. a4 Qxe2+ 12. Qxe2 Bxe2 13. Kxe2 Nh6 14. b5 Nf5
15. Nd2 Nxe3 16. Kxe3 Bc5+ 17. Ke2 cxb5 18. axb5 Kd7 19. f4 f6 20. Nf3 Rhb8 21.
Rhb1 Rb7 22. Kd3 Rab8 23. Nd4 Bxd4 24. Kxd4 Rc8 25. Rb4 Rcc7 26. c4 dxc4 27.
Rxc4 Rxb5 28. Rxc7+ Kxc7 29. Rxa7+ Kc6 30. Rxg7 fxe5+ 31. fxe5 Rb4+ 32. Ke3 Rh4
33. h3 Kd5 34. g3 Rxh3 35. Kf4 Rh1 36. Rd7+ Kc6 37. Rd6+ Kc7 38. Rxe6 Kd7 39.
Rf6 Ke7 40. Ra6 h6 41. Kg4 Kf7 42. Rf6+ Ke7 43. Rf2 Ke6 44. Kf4 Rh5 45. Rb2 Rf5+
46. Kg4 Rg5+ 47. Kh4 Rxe5 48. Rb6+ Kf7 49. Rxh6 Re1 50. Kg5 Ra1 51. Rh7+ Kg8 52.
Rb7 Ra5+ 53. Kh4 Ra4+ 54. g4 Ra1 55. Kh5 Rh1+ 56. Kg6 Kf8 57. g5 Rg1 58. Rb8+
Ke7 59. Kh6 Rh1+ 60. Kg7 Rh2 61. g6 Rh1 62. Rb7+ Ke8 63. Rf7 Rh2 64. Rf3 Rb2 65.
Re3+ Kd8 66. Kg8 Rf2 67. g7 Kd7 68. Rh3 1-0

[Event "Portugal Open 2020"]
[Site "Lisboa POR"]
[Date "2020.01.30"]
[Round "7.74"]
[White "Dong, Fábio"]
[Black "Avelino, Camila"]
[Result "1/2-1/2"]
[WhiteElo "1623"]
[BlackElo "1802"]
[WhiteFideId "1958020"]
[BlackFideId "1938975"]
[WhiteCountry "POR"]
[BlackCountry "POR"]
[PlyCount "52"]
[EventDate "2020.01.25"]

1. c4 Nf6 2. Nc3 g6 3. e4 d6 4. d4 Bg7 5. h3 O-O 6. Nf3 Nbd7 7. Be3 e5 8. d5 Nc5
9. Nd2 a5 10. g4 Ne8 11. g5 f5 12. h4 Nxe4 13. Ndxe4 fxe4 14. Nxe4 c6 15. h5 a4
16. hxg6 hxg6 17. c5 Bf5 18. Nc3 Ra5 19. dxc6 bxc6 20. cxd6 Nxd6 21. Nxa4 Rd5
22. Qb3 Qa5+ 23. Nc3 Be6 24. Bd2 Qc5 25. Be3 Qa5 26. Bd2 Qc5 1/2-1/2

[Event "Portugal Open 2020"]
[Site "Lisboa POR"]
[Date "2020.01.30"]
[Round "7.75"]
[White "Curado, Manuel"]
[Black "Azinheira, André"]
[Result "1-0"]
[WhiteElo "1797"]
[BlackElo "1634"]
[WhiteFideId "1905112"]
[BlackFideId "1931920"]
[WhiteCountry "POR"]
[BlackCountry "POR"]
[PlyCount "107"]
[EventDate "2020.01.25"]

1. e4 c5 2. Nf3 g6 3. d4 cxd4 4. Nxd4 Nc6 5. Bc4 Bg7 6. Be3 Nf6 7. Nc3 Qa5 8.
O-O O-O 9. h3 d6 10. Qd2 Nxd4 11. Qxd4 Ng4 12. Qd5 Qxd5 13. Nxd5 Nxe3 14. Nxe7+
Kh8 15. fxe3 Be6 16. Nd5 Rac8 17. Bb3 Bxb2 18. Rad1 Be5 19. Rf3 Kg7 20. g4 h6
21. Rd2 Bxd5 22. Rxd5 b6 23. Kg2 f6 24. a4 Rc5 25. Rf2 g5 26. c4 Rh8 27. Rf1 h5
28. Rh1 hxg4 29. hxg4 Rxh1 30. Kxh1 Rc8 31. Kg1 Rh8 32. Bd1 Rh2 33. Rxe5 fxe5
34. Kxh2 Kf6 35. Kg2 Ke6 36. Kf2 Kd7 37. a5 bxa5 38. Ba4+ Kc7 39. Ke2 Kb6 40.
Kd2 Kc5 41. Kc3 Kb6 42. Kb3 Kc5 43. Be8 a6 44. Bf7 Kc6 45. Ka4 Kb6 46. Be6 Kb7
47. Kxa5 Ka7 48. Bd5 Kb8 49. Kxa6 Kc7 50. Ka7 Kc8 51. Kb6 Kd7 52. Bg8 Kd8 53.
Kc6 Ke7 54. Bd5 1-0

[Event "Portugal Open 2020"]
[Site "Lisboa POR"]
[Date "2020.01.30"]
[Round "7.76"]
[White "Correia, Pedro Mourão"]
[Black "Babo, Miguel"]
[Result "0-1"]
[WhiteElo "1542"]
[BlackElo "1796"]
[WhiteFideId "1959522"]
[BlackFideId "1901567"]
[WhiteCountry "POR"]
[BlackCountry "POR"]
[PlyCount "46"]
[EventDate "2020.01.25"]

1. e4 Nc6 2. Nf3 f5 3. Nc3 fxe4 4. Nxe4 d5 5. Ng3 e5 6. Bb5 Bg4 7. d3 Nf6 8. O-O
Bd6 9. h3 Bxf3 10. Qxf3 O-O 11. Bxc6 bxc6 12. Bg5 Qe8 13. Nf5 e4 14. dxe4 Nxe4
15. Qg4 Qe5 16. Nxd6 Nxg5 17. Rfe1 Qf6 18. Nb7 Qxf2+ 19. Kh1 Ne4 20. Qe6+ Kh8
21. Qxc6 Ng3+ 22. Kh2 Qf4 23. Qa6 Nf1+ 0-1

[Event "Portugal Open 2020"]
[Site "Lisboa POR"]
[Date "2020.01.30"]
[Round "7.77"]
[White "Ferreira, Miguel Limão"]
[Black "Fielding, Michael"]
[Result "0-1"]
[WhiteElo "1530"]
[BlackElo "1781"]
[WhiteFideId "1952137"]
[BlackFideId "447269"]
[WhiteCountry "POR"]
[BlackCountry "ENG"]
[PlyCount "108"]
[EventDate "2020.01.25"]

1. e4 c6 2. d4 d5 3. Nc3 dxe4 4. Nxe4 Bf5 5. Ng3 Bg6 6. Nf3 Nd7 7. Bd3 Ngf6 8.
O-O Bxd3 9. Qxd3 e6 10. Bf4 Be7 11. Rad1 O-O 12. Ne4 Nxe4 13. Qxe4 Nf6 14. Qd3
Nd5 15. Bg3 Qb6 16. Rd2 Nb4 17. Qb3 a5 18. a4 Rac8 19. c3 Nd5 20. Qxb6 Nxb6 21.
b3 Nd5 22. Rc2 c5 23. dxc5 Bxc5 24. Ne5 Rfd8 25. Rd1 Nxc3 26. Rxd8+ Rxd8 27. h3
Bb4 28. Nc4 Nd5 29. Nd6 b6 30. Rc6 Kf8 31. Nc4 Bc5 32. Bd6+ Bxd6 33. Nxd6 Ke7
34. Ne4 h6 35. f3 f5 36. Nd2 Nb4 37. Rc7+ Rd7 38. Rxd7+ Kxd7 39. Kf2 Nd5 40. g3
Kc6 41. Ke2 Kc5 42. Kd3 e5 43. Nc4 Nb4+ 44. Ke3 Nc6 45. Kd3 g6 46. Ke3 b5 47.
axb5 Kxb5 48. Kd3 Kb4 49. Kc2 Nd4+ 50. Kd3 Nxf3 51. Ke3 e4 52. g4 a4 53. gxf5
gxf5 54. Nb2 a3 0-1